[Event "Schleswig Holstein-ch U16 Vormeister"]
[Site "Neumuenster"]
[Date "2011.04.28"]
[Round "6.10"]
[White "Beyer, Lukas"]
[Black "Wendt, Christian"]
[Result "1-0"]
[WhiteElo "996"]
[BlackElo "1141"]
[PlyCount "49"]
[EventDate "2011.04.25"]
[EventType "swiss"]
[EventRounds "9"]
[EventCountry "GER"]
[SourceTitle "EXT 2022"]
[Source "ChessBase"]
[SourceDate "2021.10.06"]
[SourceVersion "1"]
[SourceVersionDate "2021.10.06"]
[SourceQuality "1"]

1. e4 e5 2. Nf3 Nc6 3. Bc4 Nf6 4. d3 Bc5 5. c3 d6 6. Be3 Bxe3 7. fxe3 Na5 8. Bb3 Nxb3 9. Qxb3 c6 10. c4 b6 11. Nc3 0-0 12. d4 exd4 13. exd4 Re8 14. 0-0 Nxe4 15. Nxe4 Rxe4 16. Rfe1 Rxe1+ 17. Rxe1 Bg4 18. d5 c5 19. Qd3 Qf6 20. Qe3 Kf8 21. b3 Bxf3 22. gxf3 Rd8 23. Qe4 g6 24. h4 Re8 25. Qxe8+ 1-0

[Event "Schleswig Holstein-ch U16 Vormeister"]
[Site "Neumuenster"]
[Date "2011.04.27"]
[Round "4.5"]
[White "Westerhaus, Jonas"]
[Black "Wendt, Christian"]
[Result "1-0"]
[WhiteElo "1503"]
[BlackElo "1141"]
[PlyCount "99"]
[EventDate "2011.04.25"]
[EventType "swiss"]
[EventRounds "9"]
[EventCountry "GER"]
[SourceTitle "EXT 2022"]
[Source "ChessBase"]
[SourceDate "2021.10.06"]
[SourceVersion "1"]
[SourceVersionDate "2021.10.06"]
[SourceQuality "1"]

1. d4 Nf6 2. c4 e6 3. Nc3 Bb4 4. Qc2 b6 5. Nf3 Bb7 6. e3 0-0 7. Bd3 g6 8. 0-0 d5 9. a3 Bxc3 10. Qxc3 Nc6 11. b4 dxc4 12. Bxc4 Ne4 13. Qc2 Ne7 14. Bb2 Nf5 15. Rfe1 Bd5 16. Rac1 c6 17. Nd2 Nxd2 18. Qxd2 Bxc4 19. Rxc4 Rc8 20. Rec1 Qd5 21. Qe2 Ne7 22. e4 Qg5 23. Qf3 Rc7 24. g3 f5 25. h4 Qd2 26. R4c2 Qh6 27. exf5 gxf5 28. Re1 Nd5 29. Bc1 Qg6 30. Bf4 Nxf4 31. Qxf4 Rff7 32. Rec1 Qf6 33. Rxc6 Rxc6 34. Rxc6 Rd7 35. Rd6 Rxd6 36. Qxd6 Kf7 37. Kg2 Qe7 38. Qxe7+ Kxe7 39. Kf3 Kd6 40. Ke3 a6 41. a4 Kd5 42. Kd3 b5 43. a5 Kd6 44. f3 Kc6 45. g4 h6 46. g5 hxg5 47. hxg5 Kd6 48. Ke3 Ke7 49. Kf4 Kd6 50. g6 1-0

[Event "Schleswig Holstein-ch U14 VM"]
[Site "Neumuenster"]
[Date "2008.03.29"]
[Round "8"]
[White "Wendt, Christian"]
[Black "Steffen, Sebastian"]
[Result "1-0"]
[WhiteElo "853"]
[BlackElo "918"]
[PlyCount "83"]
[EventDate "2008.03.24"]
[EventType "swiss"]
[EventRounds "9"]
[EventCountry "GER"]
[SourceTitle "EXT 2009"]
[Source "ChessBase"]
[SourceDate "2008.11.26"]
[SourceVersion "1"]
[SourceVersionDate "2008.11.26"]
[SourceQuality "1"]

1. e4 e5 2. Nf3 Nc6 3. Bb5 a6 4. Ba4 Nf6 5. Nc3 Bc5 6. 0-0 d6 7. d4 exd4 8. Nxd4 Bd7 9. Nxc6 Bxc6 10. Bxc6+ bxc6 11. Be3 Bb4 12. Qd3 0-0 13. a3 Bxc3 14. Qxc3 Nxe4 15. Qxc6 Re8 16. Rfe1 Re6 17. f3 d5 18. Qa4 Ng5 19. Bxg5 Qxg5 20. Rxe6 fxe6 21. Qc6 Qe3+ 22. Kf1 Rf8 23. Re1 Qb6 24. Qxb6 cxb6 25. Rxe6 Rd8 26. Rxb6 a5 27. Ra6 d4 28. Rxa5 Kf7 29. Re5 g5 30. Re4 Kf6 31. g4 d3 32. cxd3 Rxd3 33. Ke2 Rb3 34. Rb4 Rxb4 35. axb4 Ke5 36. Ke3 Kd5 37. f4 h6 38. f5 Ke5 39. b5 Kd6 40. Ke4 h5 41. h3 h4 42. b4 1-0

[Event "Schleswig Holstein-ch U14 VM"]
[Site "Neumuenster"]
[Date "2008.03.28"]
[Round "7"]
[White "Wilms, Kira Katharina"]
[Black "Wendt, Christian"]
[Result "0-1"]
[WhiteElo "774"]
[BlackElo "853"]
[PlyCount "74"]
[EventDate "2008.03.24"]
[EventType "swiss"]
[EventRounds "9"]
[EventCountry "GER"]
[SourceTitle "EXT 2009"]
[Source "ChessBase"]
[SourceDate "2008.11.26"]
[SourceVersion "1"]
[SourceVersionDate "2008.11.26"]
[SourceQuality "1"]

1. c4 e5 2. Nc3 Nf6 3. d3 d5 4. e4 dxc4 5. dxc4 Qxd1+ 6. Nxd1 Nxe4 7. g3 Bb4+ 8. Nc3 Bxc3+ 9. bxc3 Nxc3 10. Bb2 Na4 11. Bxe5 0-0 12. Bg2 Re8 13. f4 f6 14. Nf3 fxe5 15. Nxe5 Nc6 16. 0-0 Nxe5 17. fxe5 c6 18. Rae1 Nb2 19. Re4 Nd3 20. Rh4 Rxe5 21. Be4 g5 22. Bxh7+ Kg7 23. Rh5 Bg4 24. Rh6 Kxh6 25. Bxd3 Be2 26. Rf6+ Kg7 27. Rg6+ Kf7 28. Bc2 Rd8 29. Rh6 Bd3 30. Bb3 Kg7 31. Rh5 Kg6 32. Bd1 Re1+ 33. Kg2 Rxd1 34. g4 Bf1+ 35. Kf3 Re8 36. Kg3 Rd2 37. h4 Re3# 0-1

[Event "Schleswig Holstein-ch U14 VM"]
[Site "Neumuenster"]
[Date "2008.03.25"]
[Round "3"]
[White "Falke, Johannes"]
[Black "Wendt, Christian"]
[Result "1-0"]
[WhiteElo "1041"]
[BlackElo "853"]
[PlyCount "27"]
[EventDate "2008.03.24"]
[EventType "swiss"]
[EventRounds "9"]
[EventCountry "GER"]
[SourceTitle "EXT 2009"]
[Source "ChessBase"]
[SourceDate "2008.11.26"]
[SourceVersion "1"]
[SourceVersionDate "2008.11.26"]
[SourceQuality "1"]

1. e4 e5 2. Nf3 Nc6 3. d4 exd4 4. Nxd4 Bc5 5. Nxc6 bxc6 6. Nc3 Qe7 7. Bc4 Nf6 8. Qd3 d5 9. Bb3 d4 10. Ne2 Nxe4 11. 0-0 Qd7 12. Qxe4+ Qe6 13. Bxe6 fxe6 14. Qxc6+ 1-0